[Event "ch-CHN w 2014"]
[Site "Xinghua CHN"]
[Date "2014.03.14"]
[Round "4.6"]
[White "Zhang, Xiaowen"]
[Black "Shen, Yang"]
[Result "0-1"]
[WhiteTitle "WGM"]
[BlackTitle "IM"]
[WhiteElo "2397"]
[BlackElo "2435"]
[WhiteFideId "8603219"]
[BlackFideId "8603162"]
[EventDate "2014.03.11"]

1. e4 e5 2. Nf3 Nc6 3. Bb5 Nf6 4. d3 Bc5 5. c3 O-O 6. O-O d6 7. h3 Bb6 8. Re1
Ne7 9. d4 Ng6 10. Nbd2 c6 11. Ba4 Bc7 12. Bc2 Re8 13. Nf1 d5 14. Bg5 dxe4 15.
Bxe4 h6 16. Bxg6 hxg5 17. dxe5 Nd5 18. Bc2 g4 19. N3h2 gxh3 20. Qh5 g6 21. Bxg6
fxg6 22. Qxg6+ Kf8 23. c4 Re6 24. Qf5+ Kg7 25. cxd5 Rxe5 26. Qf3 Rg5 27. g3 cxd5
28. Rad1 Bb6 29. Re2 Kg8 30. Rde1 Bf5 31. Re7 Qd6 32. R1e5 Rf8 33. Qf4 Qg6 34.
Rxd5 Bxf2+ 35. Qxf2 Be4 36. Rxg5 Qxg5 37. Rxe4 Rxf2 38. Kxf2 Qd5 39. Ke3 Qxa2
40. Ng4 Qxb2 41. Nfh2 a5 42. Kf4 a4 43. Kf5 Kf8 44. Nf3 a3 45. Nfe5 Qb1 0-1

[Event "ch-CHN w 2014"]
[Site "Xinghua CHN"]
[Date "2014.03.15"]
[Round "5.1"]
[White "Shen, Yang"]
[Black "Guo, Qi"]
[Result "1/2-1/2"]
[WhiteTitle "IM"]
[BlackTitle "WGM"]
[WhiteElo "2435"]
[BlackElo "2462"]
[WhiteFideId "8603162"]
[BlackFideId "8604002"]
[EventDate "2014.03.11"]

1. c4 e5 2. g3 Nc6 3. Nc3 g6 4. Bg2 Bg7 5. Rb1 a5 6. a3 d6 7. d3 Nf6 8. Nf3 O-O
9. O-O Nd4 10. b4 axb4 11. axb4 c6 12. b5 Bg4 13. bxc6 bxc6 14. Nxd4 exd4 15.
Ne4 Nxe4 16. Bxe4 Qd7 17. Bf4 Ra2 18. Rb6 d5 19. cxd5 cxd5 20. Rd6 Qa7 21. Bf3
Bxf3 22. exf3 Ra3 23. Rxd5 Qa6 24. Qe2 Rxd3 25. Kg2 Qc6 26. Qxd3 Qxd5 27. Rd1
Rd8 28. Qe4 Qa2 29. Rd2 Qa8 30. Qxa8 Rxa8 31. h4 1/2-1/2

[Event "ch-CHN w 2014"]
[Site "Xinghua CHN"]
[Date "2014.03.15"]
[Round "5.2"]
[White "Zhai, Mo"]
[Black "Zhang, Xiaowen"]
[Result "0-1"]
[WhiteTitle "WIM"]
[BlackTitle "WGM"]
[WhiteElo "2266"]
[BlackElo "2397"]
[WhiteFideId "8600201"]
[BlackFideId "8603219"]
[EventDate "2014.03.11"]

1. e4 e6 2. d4 d5 3. Nd2 Nf6 4. e5 Nfd7 5. c3 c5 6. Bd3 Nc6 7. Ngf3 cxd4 8. cxd4
g6 9. h4 h6 10. Bb1 Qb6 11. Nb3 a5 12. a4 Bb4+ 13. Kf1 Qc7 14. g3 Nb6 15. Kg2
Ne7 16. Bf4 Bd7 17. Nc1 Nc6 18. Nh2 Nc4 19. Ne2 Nxb2 20. Qc1 Nc4 21. Ng4 O-O-O
22. Nxh6 Rdf8 23. Bd3 Nb8 24. Ng4 Bc6 25. Nc3 Qb6 26. Ne2 Nd7 27. Bg5 Qc7 28.
Rd1 Ndb6 29. Bc2 Be7 30. Nf4 Kb8 31. Nd3 Rc8 32. Qf4 Ba3 33. Nc5 Be8 34. Bf6 Rh7
35. Bxg6 fxg6 36. Nxe6 Qc6 37. Nd8 Qxa4 38. Bg5 Qc2 39. Re1 Ka7 40. e6 Bb4 41.
Red1 Bd6 42. Qf3 Be7 43. Bxe7 Rxe7 44. Qf8 Rcc7 45. Re1 Bb5 46. Qf4 Rc8 47. Qg5
Rcc7 48. Nf6 a4 49. Rac1 Qd3 50. Rcd1 Qc2 51. Rc1 Qd3 52. Rcd1 Qa3 53. Qxg6 Nb2
54. Ra1 Qb4 55. h5 Qxd4 56. h6 Bd3 57. Qg5 Be4+ 58. Kh3 Nd3 59. Nxe4 dxe4 60.
Reb1 Nxf2+ 61. Kg2 e3 62. Qa5+ Kb8 63. Qxb6 Qxd8 64. Rxa4 Qd5+ 65. Kf1 Qh1+ 66.
Ke2 Rc2+ 67. Kxe3 Qxh6+ 68. Kf3 Qh5+ 69. Kf4 Qg4+ 70. Ke5 Rxe6+ 0-1

[Event "ch-CHN w 2014"]
[Site "Xinghua CHN"]
[Date "2014.03.15"]
[Round "5.3"]
[White "Xiao, Yiyi"]
[Black "Ju, Wenjun"]
[Result "1/2-1/2"]
[WhiteTitle "WFM"]
[BlackTitle "WGM"]
[WhiteElo "2177"]
[BlackElo "2520"]
[WhiteFideId "8606161"]
[BlackFideId "8603006"]
[EventDate "2014.03.11"]

1. d4 Nf6 2. c4 e6 3. Nf3 Bb4+ 4. Bd2 Qe7 5. e3 O-O 6. Bd3 Bxd2+ 7. Nbxd2 d6 8.
O-O e5 9. Qc2 g6 10. b4 Bg4 11. dxe5 dxe5 12. Be4 c6 13. c5 Nbd7 14. h3 Nxe4 15.
Qxe4 Be6 16. Qc2 f5 17. e4 fxe4 18. Qxe4 Rf4 19. Qe3 Bd5 20. a3 Raf8 21. Rae1 a5
22. bxa5 Qxc5 23. Rb1 Ra4 24. Rxb7 Qxe3 25. fxe3 Nc5 26. Ra7 e4 27. Ne5 Rxf1+
28. Nxf1 Rxa3 29. Kh2 Ra2 30. h4 Nb3 31. a6 Nc5 32. Ng4 Rxa6 33. Nf6+ Kf8 34.
Nxh7+ Kg8 35. Nf6+ Kf8 36. Nh7+ Kg8 37. Nf6+ 1/2-1/2

[Event "ch-CHN w 2014"]
[Site "Xinghua CHN"]
[Date "2014.03.15"]
[Round "5.4"]
[White "Gu, Tianlu"]
[Black "Ding, Yixin"]
[Result "0-1"]
[BlackTitle "WGM"]
[WhiteElo "2164"]
[BlackElo "2429"]
[WhiteFideId "8603995"]
[BlackFideId "8602972"]
[EventDate "2014.03.11"]

1. d4 Nf6 2. c4 g6 3. Nc3 d5 4. e3 Bg7 5. Qb3 e6 6. Qa3 Nc6 7. Nf3 Ne7 8. Be2
O-O 9. O-O b6 10. Rd1 Bb7 11. Ne5 dxc4 12. Bxc4 a6 13. Bd2 Nfd5 14. b4 Nxc3 15.
Bxc3 Nf5 16. Bf1 Qg5 17. f4 Qe7 18. Be1 a5 19. Qb3 Bxe5 20. dxe5 axb4 21. Bxb4
c5 22. Bd2 Bd5 23. Bc4 Bxc4 24. Qxc4 Rfd8 25. Qe4 Ra3 26. Qc2 c4 27. Re1 Rad3
28. Bc1 Qb4 29. Rf1 c3 30. Rb1 Qc5 31. Kh1 Qc6 32. Rb4 Rd2 33. Bxd2 Rxd2 34. Qe4
Qxe4 35. Rxe4 c2 36. Rc4 Rd1 37. Rg1 Nxe3 38. Rc3 h5 39. h3 h4 40. Kh2 Nf1+ 41.
Rxf1 Rxf1 42. Rxc2 Rxf4 43. Rb2 Re4 44. Rxb6 Rxe5 45. a4 Re2 46. a5 Ra2 47. Rb4
g5 48. Rb5 f6 49. Rb8+ Kf7 50. Ra8 Kg6 51. a6 Kf5 52. a7 e5 53. Kg1 e4 54. Kh2
Ra1 55. g4+ Kf4 56. Rf8 Ra2+ 57. Kg1 Rxa7 58. Rxf6+ Kg3 59. Kf1 Kxh3 0-1

[Event "ch-CHN w 2014"]
[Site "Xinghua CHN"]
[Date "2014.03.15"]
[Round "5.5"]
[White "Wang, Jue"]
[Black "Lei, Tingjie"]
[Result "0-1"]
[WhiteTitle "WGM"]
[WhiteElo "2384"]
[BlackElo "2374"]
[WhiteFideId "8604070"]
[BlackFideId "8605114"]
[EventDate "2014.03.11"]

1. e4 c5 2. Nf3 e6 3. d4 cxd4 4. Nxd4 Nc6 5. Nc3 Qc7 6. Be3 a6 7. Qf3 Nf6 8.
O-O-O Be7 9. Be2 d6 10. Qg3 O-O 11. f4 Bd7 12. e5 Ne8 13. Rhf1 Rc8 14. Bd3 Nb4
15. Kb1 Nxd3 16. Rxd3 f6 17. exf6 Nxf6 18. Rd2 b5 19. a3 a5 20. Qf3 b4 21. Ncb5
Bxb5 22. Nxb5 Qc4 23. a4 b3 24. cxb3 Qxb3 25. Bd4 Qxa4 26. Qd3 Rb8 27. Nc3 Qb3
28. Re1 Rfe8 29. g4 Nxg4 30. Qg3 Nf6 31. Rg1 g6 32. f5 exf5 33. Qf3 Ne4 34. Qd3
Nxd2+ 35. Qxd2 Qc4 36. h4 Bxh4 37. Rh1 Bg5 38. Qf2 Qd3+ 39. Ka1 Qd2 0-1

[Event "ch-CHN w 2014"]
[Site "Xinghua CHN"]
[Date "2014.03.15"]
[Round "5.6"]
[White "Tan, Zhongyi"]
[Black "Wang, Doudou"]
[Result "1-0"]
[WhiteTitle "WGM"]
[BlackTitle "WIM"]
[WhiteElo "2499"]
[BlackElo "2217"]
[WhiteFideId "8603642"]
[BlackFideId "8603197"]
[EventDate "2014.03.11"]

1. d4 d5 2. Nf3 Nf6 3. c4 c6 4. Nc3 e6 5. Bg5 Nbd7 6. e3 Qa5 7. cxd5 Nxd5 8. Qd2
h6 9. Bh4 Bb4 10. Rc1 b6 11. Bd3 Ba6 12. O-O O-O 13. e4 Nxc3 14. bxc3 Ba3 15.
Rb1 Rfe8 16. e5 c5 17. Bxa6 Qxa6 18. d5 exd5 19. Qxd5 Nf8 20. Rfd1 c4 21. Nd4
Rac8 22. Bg3 Rcd8 23. Qb5 Qxb5 24. Nxb5 Bc5 25. Kf1 Ng6 26. Nc7 Rxd1+ 27. Rxd1
Rc8 28. Nb5 a6 29. Nd6 Rd8 30. Ke2 b5 31. f4 Nf8 32. Kf3 a5 33. Ke4 b4 34. Kd5
Bxd6 35. exd6 bxc3 36. Rc1 Nd7 37. Kc6 Nf6 38. Bh4 Rc8+ 39. Kb7 Rc5 40. Bxf6
gxf6 41. d7 1-0

[Event "ch-CHN w 2014"]
[Site "Xinghua CHN"]
[Date "2014.03.17"]
[Round "6.1"]
[White "Guo, Qi"]
[Black "Wang, Doudou"]
[Result "0-1"]
[WhiteTitle "WGM"]
[BlackTitle "WIM"]
[WhiteElo "2462"]
[BlackElo "2217"]
[WhiteFideId "8604002"]
[BlackFideId "8603197"]
[EventDate "2014.03.11"]

1. d4 d5 2. Nf3 Nf6 3. c4 c6 4. Nc3 e6 5. e3 Nbd7 6. Qc2 Bd6 7. Bd3 O-O 8. O-O
e5 9. cxd5 cxd5 10. e4 exd4 11. Nxd5 Nxd5 12. exd5 h6 13. Nxd4 Qh4 14. Nf3 Qh5
15. Be2 Nf6 16. g3 Re8 17. Nd4 Bg4 18. Bd1 Rac8 19. Qd3 Qh3 20. Bf3 Bxf3 21.
Nxf3 Ng4 22. Be3 Rxe3 23. fxe3 Nxh2 24. Qe2 Nxf1 25. Rxf1 Qxg3+ 26. Qg2 Rc2 27.
Qxg3 Bxg3 28. Rd1 Kf8 29. Rd2 Rxd2 30. Nxd2 Ke7 31. Kg2 Bc7 32. Kf3 Kd6 33. e4
b5 34. Nf1 Ke5 35. Ne3 h5 36. Nf5 g5 37. Ke3 g4 38. b3 Bb6+ 39. Kd3 Kf4 40. d6
g3 41. d7 g2 42. Nd4 Ke5 43. Ne2 Kd6 0-1

[Event "ch-CHN w 2014"]
[Site "Xinghua CHN"]
[Date "2014.03.17"]
[Round "6.2"]
[White "Lei, Tingjie"]
[Black "Tan, Zhongyi"]
[Result "1-0"]
[BlackTitle "WGM"]
[WhiteElo "2374"]
[BlackElo "2499"]
[WhiteFideId "8605114"]
[BlackFideId "8603642"]
[EventDate "2014.03.11"]

1. Nf3 c5 2. c4 Nc6 3. Nc3 g6 4. e3 Bg7 5. d4 d6 6. Be2 Nf6 7. O-O O-O 8. d5 Nb8
9. h3 e5 10. dxe6 Bxe6 11. Ng5 Nc6 12. Nxe6 fxe6 13. a3 Qe7 14. Rb1 a5 15. Qb3
Rad8 16. Rd1 Qf7 17. Bd2 d5 18. cxd5 exd5 19. Be1 Kh8 20. Na4 c4 21. Qb5 Ne4 22.
f3 Nf6 23. Bf2 Qe7 24. Nc3 Qf7 25. b3 cxb3 26. Qxb3 Rd7 27. Na4 Ne5 28. Nc5 Rc7
29. Nxb7 Nc4 30. Bg3 Rc6 31. Bxc4 dxc4 32. Qb5 Qe8 33. Rd8 1-0

[Event "ch-CHN w 2014"]
[Site "Xinghua CHN"]
[Date "2014.03.17"]
[Round "6.3"]
[White "Ding, Yixin"]
[Black "Wang, Jue"]
[Result "1/2-1/2"]
[WhiteTitle "WGM"]
[BlackTitle "WGM"]
[WhiteElo "2429"]
[BlackElo "2384"]
[WhiteFideId "8602972"]
[BlackFideId "8604070"]
[EventDate "2014.03.11"]

1. e4 c5 2. Nf3 d6 3. d4 cxd4 4. Nxd4 Nf6 5. Nc3 a6 6. h3 e6 7. g4 Be7 8. Bg2
Nfd7 9. Be3 Nc6 10. Qe2 Nxd4 11. Bxd4 O-O 12. O-O-O b5 13. e5 d5 14. f4 Bb7 15.
Qe3 Rc8 16. Kb1 Qc7 17. Rc1 Bc5 18. Ne2 a5 19. c3 Ba6 20. Rc2 Qb6 21. Rhc1 b4
22. cxb4 Bxd4 23. Nxd4 Rxc2 24. Rxc2 axb4 25. b3 Rc8 26. Rxc8+ Bxc8 27. Bf1 Ba6
28. Bxa6 Qxa6 29. Nc2 Qb5 30. Qd4 g5 31. fxg5 Qf1+ 32. Kb2 Qe2 33. Qxb4 Nxe5 34.
Qe7 Nd3+ 35. Kc3 e5 36. Qd8+ Kg7 37. Qf6+ Kg8 38. Qd8+ Kg7 39. Qf6+ Kg8 40. Qd8+ 1/2-1/2

[Event "ch-CHN w 2014"]
[Site "Xinghua CHN"]
[Date "2014.03.17"]
[Round "6.4"]
[White "Ju, Wenjun"]
[Black "Gu, Tianlu"]
[Result "1-0"]
[WhiteTitle "WGM"]
[WhiteElo "2520"]
[BlackElo "2164"]
[WhiteFideId "8603006"]
[BlackFideId "8603995"]
[EventDate "2014.03.11"]

1. Nf3 d5 2. g3 Nf6 3. Bg2 g6 4. c4 c6 5. b3 Bg7 6. Bb2 O-O 7. O-O a5 8. d3 Na6
9. Nbd2 a4 10. Bc3 axb3 11. axb3 Bg4 12. Qc2 c5 13. e3 Bxf3 14. Bxf3 d4 15. exd4
cxd4 16. Ba5 Qd7 17. b4 Rab8 18. b5 Nc5 19. Bb4 Qf5 20. Bxc5 Qxc5 21. Nb3 Qf5
22. Nxd4 Qd7 23. Nb3 Ng4 24. Ra7 Ne5 25. Be4 Rfc8 26. Qe2 f5 27. Bg2 e6 28. Rd1
Nf7 29. d4 Nd6 30. Nc5 Qf7 31. Nxe6 Nxc4 32. Ng5 Qd7 33. Rxb7 Rxb7 34. Bxb7 Rc7
35. Bc6 1-0

[Event "ch-CHN w 2014"]
[Site "Xinghua CHN"]
[Date "2014.03.17"]
[Round "6.5"]
[White "Zhang, Xiaowen"]
[Black "Xiao, Yiyi"]
[Result "1-0"]
[WhiteTitle "WGM"]
[BlackTitle "WFM"]
[WhiteElo "2397"]
[BlackElo "2177"]
[WhiteFideId "8603219"]
[BlackFideId "8606161"]
[EventDate "2014.03.11"]

1. e4 c5 2. Nf3 e6 3. g3 Nc6 4. Bg2 Nf6 5. d3 d5 6. Nbd2 Be7 7. O-O O-O 8. Re1
b5 9. e5 Nd7 10. Nf1 a5 11. a4 b4 12. h4 Ba6 13. N1h2 Rb8 14. b3 f6 15. exf6
Bxf6 16. Rb1 Nd4 17. Ng5 Rb6 18. Ng4 Rd6 19. Bf4 e5 20. Nxe5 Bxe5 21. Bxe5 Nxe5
22. Rxe5 Qf6 23. f4 h6 24. Nf3 Nf5 25. Qe1 Qg6 26. Kh2 d4 27. Rxc5 Ne3 28. Ne5
Qf6 29. Bh3 Re8 30. Rxa5 Nxc2 31. Qd2 Ne3 32. Qxb4 g5 33. Nd7 Rxd7 34. Bxd7 gxf4
35. Rxa6 fxg3+ 36. Kh3 Qxa6 37. Qxd4 Qb7 38. Rg1 g2 39. Bg4 Nf1 40. Rxg2 Re3+
41. Qxe3 1-0

[Event "ch-CHN w 2014"]
[Site "Xinghua CHN"]
[Date "2014.03.17"]
[Round "6.6"]
[White "Shen, Yang"]
[Black "Zhai, Mo"]
[Result "1-0"]
[WhiteTitle "IM"]
[BlackTitle "WIM"]
[WhiteElo "2435"]
[BlackElo "2266"]
[WhiteFideId "8603162"]
[BlackFideId "8600201"]
[EventDate "2014.03.11"]

1. d4 Nf6 2. c4 e6 3. Nc3 Bb4 4. e3 O-O 5. Bd3 d5 6. Nf3 c5 7. O-O dxc4 8. Bxc4
Bd7 9. Qe2 Bc6 10. Rd1 Nbd7 11. a3 Bxc3 12. bxc3 Qa5 13. Bd2 cxd4 14. cxd4 Qh5
15. Ne1 Qxe2 16. Bxe2 Ne4 17. Bb4 Rfc8 18. Nd3 Nb6 19. f3 Nf6 20. Nc5 Nfd7 21.
Rdc1 Na4 22. Nb3 Nab6 23. Na5 Nd5 24. e4 Nxb4 25. axb4 a6 26. Nxc6 Rxc6 27. Rxc6
bxc6 28. Rxa6 Rxa6 29. Bxa6 Kf8 30. Kf2 Ke7 31. h4 Kd6 32. Ke3 Nb6 33. g4 Na4
34. g5 Nc3 35. Bc4 Na4 36. Bd3 Ke7 37. d5 exd5 38. exd5 Nb6 39. dxc6 Nd5+ 40.
Kd4 Nxb4 41. c7 Kd7 42. Bxh7 Kxc7 43. Bg8 f6 44. gxf6 gxf6 45. h5 Kd7 46. h6
Nc6+ 47. Ke4 Ne7 48. Bf7 1-0

[Event "ch-CHN w 2014"]
[Site "Xinghua CHN"]
[Date "2014.03.18"]
[Round "7.1"]
[White "Zhai, Mo"]
[Black "Guo, Qi"]
[Result "1/2-1/2"]
[WhiteTitle "WIM"]
[BlackTitle "WGM"]
[WhiteElo "2266"]
[BlackElo "2462"]
[WhiteFideId "8600201"]
[BlackFideId "8604002"]
[EventDate "2014.03.11"]

1. e4 c6 2. d4 d5 3. Nc3 dxe4 4. Nxe4 Bf5 5. Ng3 Bg6 6. h4 h6 7. Nf3 Nd7 8. h5
Bh7 9. Bd3 Bxd3 10. Qxd3 e6 11. Bd2 Ngf6 12. O-O-O Be7 13. Qe2 O-O 14. Rhe1 Qc7
15. Ne5 c5 16. Nxd7 Qxd7 17. dxc5 Qd5 18. Kb1 Qxc5 19. c4 Rac8 20. b3 a6 21. Be3
Qc6 22. Bd4 Rfd8 23. f4 b5 24. cxb5 Qxb5 25. Qxb5 axb5 26. f5 Nd5 27. fxe6 fxe6
28. Ne4 Bf6 29. Bxf6 gxf6 30. g4 Kf7 31. Kb2 Ke7 32. Rd2 b4 33. Rd4 Rc6 34. Ng3
Kf7 35. Ree4 Ra8 36. Re1 Ra5 37. Ne4 Ke7 38. Rc4 Rca6 39. Ra1 Ra8 40. Nf2 Rg8
41. Re1 Rga8 42. Ra1 Rd8 43. Re1 Nc3 44. Rxb4 Rxa2+ 45. Kxc3 Rxf2 46. Rb6 Rd6
47. Rb7+ Rd7 48. Rb6 e5 49. Re4 Rf3+ 50. Kc4 Rd6 51. Rb7+ Ke6 52. b4 Rf4 53.
Rxf4 exf4 54. Rb5 Rd1 55. Rf5 Rf1 56. Kd3 f3 57. Ke3 Rb1 58. b5 Rb3+ 59. Kd4 Rb1
60. Ke3 Rb3+ 1/2-1/2

[Event "ch-CHN w 2014"]
[Site "Xinghua CHN"]
[Date "2014.03.18"]
[Round "7.2"]
[White "Xiao, Yiyi"]
[Black "Shen, Yang"]
[Result "0-1"]
[WhiteTitle "WFM"]
[BlackTitle "IM"]
[WhiteElo "2177"]
[BlackElo "2435"]
[WhiteFideId "8606161"]
[BlackFideId "8603162"]
[EventDate "2014.03.11"]

1. d4 d5 2. c4 c6 3. Nc3 Nf6 4. e3 e6 5. Nf3 Nbd7 6. Qc2 Bd6 7. Be2 O-O 8. O-O
dxc4 9. Bxc4 b5 10. Bd3 Bb7 11. Rd1 Qb8 12. h3 b4 13. Na4 c5 14. Ng5 h6 15. Nh7
Nxh7 16. Bxh7+ Kh8 17. dxc5 Bh2+ 18. Kh1 Bc6 19. Rxd7 Bxd7 20. Be4 Be5 21. Bxa8
Qxa8 22. a3 Bc6 23. f4 b3 24. Qf2 Bf6 25. Nc3 Rd8 26. Kh2 Rd3 27. Ne2 Qf8 28.
Nd4 Qxc5 29. Bd2 Bxd4 30. Rc1 Qd5 31. exd4 Qxg2+ 0-1

[Event "ch-CHN w 2014"]
[Site "Xinghua CHN"]
[Date "2014.03.18"]
[Round "7.3"]
[White "Gu, Tianlu"]
[Black "Zhang, Xiaowen"]
[Result "1/2-1/2"]
[BlackTitle "WGM"]
[WhiteElo "2164"]
[BlackElo "2397"]
[WhiteFideId "8603995"]
[BlackFideId "8603219"]
[EventDate "2014.03.11"]

1. e4 e6 2. d4 d5 3. Nd2 c5 4. Ngf3 Nc6 5. exd5 exd5 6. Bb5 cxd4 7. Qe2+ Qe7 8.
Nxd4 Qxe2+ 9. Kxe2 Bd7 10. N2b3 a6 11. Bd3 Nb4 12. c3 Nxd3 13. Kxd3 Bd6 14. Bg5
Ne7 15. Rae1 Kf8 16. Bh4 Ng6 17. Bg3 Be7 18. h4 h5 19. Nc1 f6 20. Kd2 Kf7 21.
Nd3 Rhe8 22. Rhf1 Bf8 23. f4 Rxe1 24. Bxe1 Bd6 25. g3 Bh3 26. Rg1 Re8 27. Bf2
Ne7 28. Be3 Nc6 29. b4 Nxd4 30. Bxd4 Bd7 31. Nc5 Bxc5 32. Bxc5 Bb5 1/2-1/2

[Event "ch-CHN w 2014"]
[Site "Xinghua CHN"]
[Date "2014.03.18"]
[Round "7.4"]
[White "Wang, Jue"]
[Black "Ju, Wenjun"]
[Result "0-1"]
[WhiteTitle "WGM"]
[BlackTitle "WGM"]
[WhiteElo "2384"]
[BlackElo "2520"]
[WhiteFideId "8604070"]
[BlackFideId "8603006"]
[EventDate "2014.03.11"]

1. e4 c5 2. Nf3 d6 3. d4 cxd4 4. Nxd4 Nf6 5. Nc3 a6 6. h3 e5 7. Nb3 Be6 8. Be3
Be7 9. f4 exf4 10. Bxf4 Nc6 11. Qe2 Nd7 12. O-O-O Nde5 13. Kb1 O-O 14. Nd5 b5
15. Qe3 Re8 16. g4 Bf8 17. Qg3 Rb8 18. g5 a5 19. Be2 a4 20. Nc1 Qc8 21. Bg4 Kh8
22. Nd3 b4 23. Bxe5 dxe5 24. Bxe6 fxe6 25. Ne3 Rb5 26. Nc4 b3 27. cxb3 axb3 28.
a3 Qa8 29. Rhf1 Qa4 30. Qf3 Be7 31. Rc1 Rd8 32. Qe3 Kg8 33. h4 Nd4 34. Ndxe5
Bxa3 35. Nxa3 Nc2 36. Rfd1 Ra8 37. Qc3 Qxe4 38. Nd3 Rba5 39. Rxc2 bxc2+ 40. Nxc2
Rd5 41. Ncb4 Rda5 42. Rd2 Qxh4 43. Kc2 Qxg5 44. Nc6 Rd5 45. Re2 Rd6 46. Qc4 Qf6
47. Rf2 Qg5 48. Re2 Qf6 49. b4 Rxc6 0-1

[Event "ch-CHN w 2014"]
[Site "Xinghua CHN"]
[Date "2014.03.18"]
[Round "7.5"]
[White "Tan, Zhongyi"]
[Black "Ding, Yixin"]
[Result "1/2-1/2"]
[WhiteTitle "WGM"]
[BlackTitle "WGM"]
[WhiteElo "2499"]
[BlackElo "2429"]
[WhiteFideId "8603642"]
[BlackFideId "8602972"]
[EventDate "2014.03.11"]

1. d4 Nf6 2. c4 g6 3. Nc3 d5 4. cxd5 Nxd5 5. Bd2 Bg7 6. Nf3 c5 7. Rc1 Nxc3 8.
Bxc3 cxd4 9. Nxd4 O-O 10. e3 Bd7 11. Be2 Nc6 12. Nb3 Bf5 13. O-O Bxc3 14. Rxc3
Qxd1 15. Bxd1 Rac8 16. g4 Be6 17. Nc5 Bxa2 18. Bf3 Be6 19. Ra1 Rc7 20. Kg2 Rfc8
21. Nxe6 fxe6 22. Rac1 Kf7 23. g5 Rd8 24. R1c2 Rd6 25. Rc4 Rcd7 26. Bxc6 Rxc6
27. Rxc6 bxc6 28. Rxc6 Rb7 29. Ra6 Rxb2 30. Rxa7 Rb5 1/2-1/2

[Event "ch-CHN w 2014"]
[Site "Xinghua CHN"]
[Date "2014.03.18"]
[Round "7.6"]
[White "Wang, Doudou"]
[Black "Lei, Tingjie"]
[Result "0-1"]
[WhiteTitle "WIM"]
[WhiteElo "2217"]
[BlackElo "2374"]
[WhiteFideId "8603197"]
[BlackFideId "8605114"]
[EventDate "2014.03.11"]

1. d4 Nf6 2. c4 g6 3. Nc3 d5 4. cxd5 Nxd5 5. Bd2 Nb6 6. e3 Bg7 7. f4 O-O 8. Nf3
c5 9. dxc5 N6d7 10. b4 e5 11. Bc4 a5 12. a3 exf4 13. exf4 axb4 14. axb4 Rxa1 15.
Qxa1 b6 16. O-O bxc5 17. bxc5 Nxc5 18. Qa3 Ne6 19. Nd5 Bb7 20. Qa2 Na6 21. Rb1
Bxd5 22. Bxd5 Nac7 23. Bc4 Qf6 24. Qa7 h6 25. Be3 Kh7 26. Qb6 Qf5 27. h3 Nxf4
28. Rf1 Nfd5 29. Qc5 Nxe3 30. Qxe3 Re8 31. Qa7 Re7 32. Kh1 Qd7 33. Qc5 Ne6 34.
Qd5 Qc7 35. Ba2 Nf4 36. Qc4 Qd6 37. Nh2 Ne2 38. Nf3 Ng3+ 39. Kg1 Nxf1 40. Kxf1
Qd1+ 41. Kf2 Rb7 42. Kg3 Qd6+ 43. Qf4 Qe7 44. Bd5 Rd7 45. Bb3 Bf6 46. Qc4 Kg7
47. Qf4 Rd3 48. Qc4 Rc3 49. Qd5 Qc7+ 0-1

[Event "ch-CHN w 2014"]
[Site "Xinghua CHN"]
[Date "2014.03.19"]
[Round "8.1"]
[White "Guo, Qi"]
[Black "Lei, Tingjie"]
[Result "0-1"]
[WhiteTitle "WGM"]
[WhiteElo "2462"]
[BlackElo "2374"]
[WhiteFideId "8604002"]
[BlackFideId "8605114"]
[EventDate "2014.03.11"]

1. d4 Nf6 2. c4 g6 3. Nc3 d5 4. Nf3 Bg7 5. Qb3 dxc4 6. Qxc4 O-O 7. e4 Be6 8. d5
Bc8 9. Be2 c6 10. O-O cxd5 11. exd5 Nbd7 12. Rd1 Ne8 13. Bf4 Nd6 14. Qb3 Nc5 15.
Qa3 Nce4 16. Nxe4 Nxe4 17. Qb4 Bf5 18. Be5 Qb6 19. Qxb6 axb6 20. Bxg7 Kxg7 21.
Ne5 Nd6 22. g4 f6 23. Nd3 Bd7 24. Nb4 Rfc8 25. Re1 Kf7 26. f3 Rc5 27. Bd3 Kf8
28. Rad1 Be8 29. Bf1 g5 30. Rd2 Bf7 31. Kf2 Rac8 32. a3 Rc1 33. Rdd1 Rxd1 34.
Rxd1 Ke8 35. Bd3 Kd7 36. Kg3 h6 37. h4 Rc5 38. hxg5 hxg5 39. Be2 Nc4 40. Bxc4
Rxc4 41. Kf2 Kd6 42. Ke3 Ke5 43. Rd2 Kd6 44. Rd1 Bg6 45. Rh1 Be8 46. Rh8 Bd7 47.
Rh1 Ba4 48. Kd3 Bb5 49. Ke3 Ke5 50. Rd1 Rc5 51. Rd4 Kd6 52. Re4 Bd7 53. Kd2 Rc8
54. Re2 Rh8 55. Ke3 Rh1 56. Rd2 Bb5 57. Na2 Re1+ 58. Kd4 Be2 59. Ke3 Bc4+ 60.
Kf2 Re5 61. Nc3 Bxd5 62. Rd4 Kc5 63. Rd1 Kc4 64. Na4 Kb5 65. Rd4 Kc6 66. b4 Re6
67. b5+ Kd6 68. Nxb6 Kc5 69. Rxd5+ Kxb6 70. Rd7 Re5 71. a4 Re6 72. Rd4 Rd6 73.
Re4 e5 74. Ke2 Kc5 75. Ke3 b6 76. Ke2 Rd4 77. Ke3 Kd5 78. Rxd4+ exd4+ 79. Kd3
Kc5 80. Ke4 Kb4 81. Kxd4 Kxa4 82. Kd5 Kxb5 83. Ke6 Kc4 84. Kxf6 b5 85. Kxg5 b4
86. f4 b3 87. f5 Kd5 88. f6 Ke6 0-1

[Event "ch-CHN w 2014"]
[Site "Xinghua CHN"]
[Date "2014.03.19"]
[Round "8.2"]
[White "Ding, Yixin"]
[Black "Wang, Doudou"]
[Result "1-0"]
[WhiteTitle "WGM"]
[BlackTitle "WIM"]
[WhiteElo "2429"]
[BlackElo "2217"]
[WhiteFideId "8602972"]
[BlackFideId "8603197"]
[EventDate "2014.03.11"]

1. e4 e5 2. Nf3 d6 3. Bc4 Be7 4. d4 Nc6 5. h3 exd4 6. Nxd4 Nxd4 7. Qxd4 Bf6 8.
Qd5 Qd7 9. O-O g6 10. Nc3 Bg7 11. f4 Nf6 12. Qd3 O-O 13. f5 Kh8 14. Bg5 a6 15.
fxg6 fxg6 16. Nd5 Ng8 17. Rxf8 Bxf8 18. Nf6 Nxf6 19. Bxf6+ Bg7 20. Qd5 Qe8 21.
Bxg7+ Kxg7 22. Rf1 Qe5 23. Rf7+ Kh6 24. Qxe5 dxe5 25. Rxc7 a5 26. Kf2 b6 27. Bd5
Rb8 28. Ra7 Kg5 29. Rxh7 b5 30. Kg3 Kf6 31. Rf7+ Kg5 32. Rf8 Kh6 33. Be6 1-0

[Event "ch-CHN w 2014"]
[Site "Xinghua CHN"]
[Date "2014.03.19"]
[Round "8.3"]
[White "Ju, Wenjun"]
[Black "Tan, Zhongyi"]
[Result "1/2-1/2"]
[WhiteTitle "WGM"]
[BlackTitle "WGM"]
[WhiteElo "2520"]
[BlackElo "2499"]
[WhiteFideId "8603006"]
[BlackFideId "8603642"]
[EventDate "2014.03.11"]

1. d4 Nf6 2. c4 e6 3. Nc3 Bb4 4. g3 O-O 5. Bg2 d5 6. cxd5 exd5 7. Nf3 Re8 8. O-O
c6 9. Qc2 Bd6 10. Re1 Nbd7 11. Nh4 Nf8 12. b3 Ng6 13. Nxg6 hxg6 14. Bg5 Qa5 15.
Bd2 Bf5 16. e4 dxe4 17. Nxe4 Bxe4 18. Rxe4 Bb4 19. Re5 Rxe5 20. Bxb4 Re2 21.
Qxe2 Qxb4 22. Qd3 Re8 23. Bf3 Qa5 24. Kg2 Nd5 25. h4 Rd8 26. Qe2 Qb4 27. Bxd5
Rxd5 28. Qe8+ Qf8 29. Re1 Rxd4 30. Re7 Rd2 31. a4 b5 32. Qxf8+ Kxf8 33. Rxa7 Rb2
34. Ra8+ Ke7 35. Ra7+ Ke6 36. Rc7 bxa4 1/2-1/2